[Event "19th OIBM 2015"]
[Site "Bad Wiessee GER"]
[Date "2015.11.08"]
[Round "9.19"]
[White "Heimrath, R"]
[Black "Zude, A"]
[Result "0-1"]
[WhiteElo "2182"]
[BlackElo "2388"]
[EventDate "2015.10.31"]
[WhiteTitle "FM"]
[BlackTitle "IM"]
[WhiteFideId "4618866"]
[BlackFideId "4600754"]

1.e4 e5 2.Nf3 Nc6 3.Bc4 Bc5 4.d3 Nf6 5.Bb3 d6 6.c3 h6 7.Nbd2 O-O 8.Qe2 Nh5
9.Nc4 Qf6 10.Ne3 Ne7 11.g3 c6 12.Bd2 Be6 13.h3 Bxb3 14.axb3 Qe6 15.Nh4 Nf6
16.Nef5 Nxf5 17.Nxf5 d5 18.b4 Bb6 19.g4 dxe4 20.dxe4 Rfd8 21.g5 Bxf2+ 22.
Kd1 hxg5 23.Kc2 Bb6 24.Bxg5 Rd7 25.Rh2 g6 26.Rf1 Bd8 27.Rg2 Kh7 28.Rgf2 
Nxe4 29.Bxd8 Nxf2 30.Qxf2 Qxf5+ 31.Qxf5 gxf5 32.Bf6 Re8 33.Rxf5 Re6 34.Rf2
Kg6 35.Bh4 f5 36.Rg2+ Kh5 37.Be1 e4 38.Rf2 Kg5 39.Rg2+ Kf4 40.Rf2+ Ke5 41.
Bd2 Rxd2+ 42.Kxd2 f4 43.Rg2 Rd6+ 44.Ke1 e3 45.Rg7 Ke4 46.Rxb7 Kf3 47.Re7 
Rg6 48.Kd1 Rg1+ 49.Kc2 e2 0-1

[Event "Pankrac Cup 2015"]
[Site "Prague CZE"]
[Date "2015.11.03"]
[Round "8.7"]
[White "Smid, M"]
[Black "Kovar, V"]
[Result "0-1"]
[WhiteElo "2236"]
[BlackElo "2341"]
[EventDate "2015.09.15"]
[WhiteFideId "318906"]
[BlackFideId "314943"]

1.e4 e5 2.Nf3 Nc6 3.Bc4 Bc5 4.c3 Nf6 5.d3 O-O 6.Bb3 d5 7.Qe2 Bg4 8.Nbd2 d4
9.h3 Bh5 10.Nf1 Qd6 11.g4 Bg6 12.Ng3 Rfd8 13.Bc2 b5 14.a3 a5 15.Nh4 dxc3 
16.bxc3 b4 17.Nhf5 Qe6 18.Bb2 bxc3 19.Bxc3 Bd4 20.Nxd4 Nxd4 21.Bxd4 Rxd4 
22.O-O Nd7 23.Rab1 Nc5 24.Rb5 Qd6 25.h4 h6 26.h5 Bh7 27.Qf3 c6 28.Rb6 Ne6 
29.Ne2 Qc5 30.Rb7 Nd8 31.Bb3 Nxb7 32.Qxf7+ Kh8 33.Qxb7 Rdd8 34.Bc4 Rab8 
35.Qc7 Rbc8 36.Qb7 Rb8 37.Qc7 Rdc8 38.Qd7 Rf8 39.Ng3 Rbd8 40.Qc7 Rc8 41.
Qd7 Rce8 0-1

[Event "World Youth Boys U18 2015"]
[Site "Porto Carras GRE"]
[Date "2015.11.03"]
[Round "9.5"]
[White "Marek, Mat"]
[Black "Sanal, V"]
[Result "1-0"]
[WhiteElo "2398"]
[BlackElo "2501"]
[EventDate "2015.10.25"]
[WhiteTitle "FM"]
[BlackTitle "IM"]
[WhiteFideId "335398"]
[BlackFideId "6300545"]

1.e4 e5 2.Nf3 Nc6 3.Bc4 Nf6 4.Ng5 d5 5.exd5 Na5 6.Bb5+ c6 7.dxc6 bxc6 8.
Bd3 h6 9.Ne4 Nd5 10.O-O g6 11.Re1 f5 12.Nec3 Bd6 13.Nxd5 cxd5 14.Bb5+ Kf7 
15.d4 e4 16.f4 exf3 17.Qxf3 Bxh2+ 18.Kxh2 Qh4+ 19.Qh3 Qxe1 20.Bd2 Qd1 21.
Bxa5 Rb8 22.Qd3 Qc1 23.Bc7 Rb7 24.Be5 Rd8 25.Ba4 Qxb2 26.Qc3 Qxc3 27.Nxc3 
Be6 28.Bb3 g5 29.Na4 Re7 30.Nc5 f4 31.Nxe6 Kxe6 32.c4 dxc4 33.Bxc4+ Kf5 
34.Bd3+ Kg4 35.Be4 Rc8 36.Rb1 Rc3 37.Rb8 Re3 38.Bc6 Rc3 39.Bd5 h5 40.Rb5 
Kf5 41.Bf3 Rh7 42.Bh8+ 1-0

[Event "World Youth Boys U14 2015"]
[Site "Porto Carras GRE"]
[Date "2015.11.04"]
[Round "10.11"]
[White "Taghizadeh, Rayan"]
[Black "Kozak, Adam"]
[Result "1/2-1/2"]
[WhiteElo "2240"]
[BlackElo "2349"]
[EventDate "2015.10.25"]
[WhiteTitle "FM"]
[BlackTitle "FM"]
[WhiteFideId "2054019"]
[BlackFideId "753246"]

1.e4 e5 2.Nf3 Nc6 3.Bc4 Bc5 4.b4 Bxb4 5.c3 Be7 6.d4 Na5 7.Be2 exd4 8.Qxd4 
d6 9.Qxg7 Bf6 10.Qg3 Nc6 11.O-O Nge7 12.Qf4 Ng6 13.Qe3 Qe7 14.Na3 a6 15.
Nc2 O-O 16.Re1 Re8 17.Bf1 Bg4 18.Nfd4 Nxd4 19.cxd4 c5 20.Bb2 Bd7 21.f4 Ba4
22.Rac1 Bxc2 23.Rxc2 cxd4 24.Qd2 b5 25.g3 Qa7 26.Qf2 Rac8 27.Rxc8 Rxc8 28.
Rd1 Kf8 29.Bxd4 Bxd4 30.Qxd4 Qc5 31.Kg2 Ke7 32.a4 bxa4 33.Bxa6 Ra8 34.Qxc5
dxc5 35.Bc4 a3 36.Kf3 Ra4 37.Ba2 Nf8 38.Ke3 f6 39.Rc1 Nd7 40.g4 Kd6 41.h4 
h6 42.h5 1/2-1/2

[Event "World Youth Boys U12 2015"]
[Site "Porto Carras GRE"]
[Date "2015.11.05"]
[Round "11.10"]
[White "Pribelszky, Bence"]
[Black "Pajeken, Jakob Leon"]
[Result "0-1"]
[WhiteElo "2064"]
[BlackElo "2118"]
[EventDate "2015.10.25"]
[WhiteFideId "769738"]
[BlackFideId "12942839"]

1.e4 e5 2.Nf3 Nc6 3.Bc4 Bc5 4.c3 Nf6 5.d3 a6 6.Nbd2 O-O 7.Bb3 Ba7 8.Nf1 d5
9.Qe2 Be6 10.Ng3 Qd6 11.Bg5 Nd7 12.Nh4 Nc5 13.Bc2 f6 14.Nhf5 Qd7 15.Bd2 b5
16.b4 Nb7 17.Bb3 Kh8 18.Qg4 g6 19.exd5 Bxd5 20.Bxd5 Qxd5 21.Bh6 Rf7 22.Nh5
Qxd3 23.Bg7+ Rxg7 24.Nfxg7 Qxc3+ 25.Ke2 Qc2+ 26.Ke1 Qxf2+ 27.Kd1 Rd8+ 28.
Kc1 Qd2+ 29.Kb1 Qd3+ 30.Kb2 Bd4+ 31.Kc1 Qc3+ 32.Kd1 Bf2+ 33.Ke2 Rd2+ 34.
Kf1 Qxa1+ 0-1

[Event "World Youth Girls U18 2015"]
[Site "Porto Carras GRE"]
[Date "2015.11.05"]
[Round "11.11"]
[White "Vasova, M"]
[Black "Srija, S"]
[Result "0-1"]
[WhiteElo "2119"]
[BlackElo "1911"]
[EventDate "2015.10.25"]
[BlackTitle "WFM"]
[WhiteFideId "2900955"]
[BlackFideId "5055903"]

1.e4 e5 2.Nf3 Nc6 3.Bc4 Bc5 4.d3 Nf6 5.Bb3 d6 6.c3 a6 7.O-O Ba7 8.Nbd2 O-O
9.h3 Ne7 10.Re1 Ng6 11.Nf1 h6 12.Ng3 c6 13.d4 Re8 14.Bc2 Qc7 15.Be3 Be6 
16.Qd2 Rad8 17.Rad1 b5 18.Qc1 Bb8 19.a4 Qb7 20.dxe5 dxe5 21.b4 Ba7 22.Nf5 
Rxd1 23.Rxd1 Bxf5 24.exf5 Nf8 25.Rd6 Bxe3 26.Qxe3 N8d7 27.Be4 Nd5 28.Qd3 
N7f6 29.Nd2 bxa4 30.Bxd5 Nxd5 31.Ne4 a3 32.Rxd5 cxd5 33.Nd6 a2 34.Nxb7 
a1=Q+ 35.Kh2 d4 36.Nd6 Qxc3 37.Qxa6 Rf8 38.b5 d3 39.Ne4 Qd4 40.Nd2 Qf4+ 
0-1

[Event "World Youth Girls U16 2015"]
[Site "Porto Carras GRE"]
[Date "2015.11.05"]
[Round "11.5"]
[White "Yao, Lan"]
[Black "Gundogan, Sinem Cagla"]
[Result "1-0"]
[WhiteElo "2008"]
[BlackElo "1886"]
[EventDate "2015.10.25"]
[BlackTitle "WCM"]
[WhiteFideId "8610835"]
[BlackFideId "6325378"]

1.e4 e5 2.Nf3 Nc6 3.Bc4 Bc5 4.b4 Bb6 5.a4 a6 6.Nc3 Nf6 7.d3 d6 8.Nd5 Nxd5 
9.exd5 Nd4 10.c3 Nxf3+ 11.Qxf3 O-O 12.O-O f5 13.Bb3 f4 14.Bb2 Qg5 15.Bd1 
Bf5 16.c4 Rae8 17.Re1 Qg6 18.Be2 a5 19.bxa5 Bxa5 20.Red1 e4 21.dxe4 Bxe4 
22.Qg4 Bxg2 23.Qxg6 hxg6 24.Bg4 Be4 25.Bd7 Re7 26.Be6+ Kh7 27.Rd4 Bc2 28.
Rc1 Bf5 29.Rxf4 Rxe6 30.dxe6 Bd2 31.Rh4+ Kg8 32.Rd1 Bg5 33.Rhd4 Bxe6 34.
Re1 Bf5 35.Rd5 Ra8 36.a5 c6 37.Rxd6 Rxa5 38.Bd4 Ra4 39.c5 Kh7 40.Be3 Be7 
41.Rd4 Ra2 42.Rc4 Bd3 43.Rc3 Bf5 44.Rb3 Ra4 45.f3 Rc4 46.Rxb7 Bxc5 47.Bxc5
Rxc5 48.Ree7 Kh6 49.Kg2 Kg5 50.Kg3 Rc3 51.Rxg7 Be6 52.Rb8 Kf6 53.Ra7 Bf5 
54.Re8 Rc1 55.Rc7 Be6 56.Rf8+ Ke5 57.Re7 Kd6 58.Rg7 Bf5 59.h4 Ke5 60.Re7+ 
Kd6 61.Re2 Rh1 62.Rh2 Rxh2 63.Kxh2 Ke5 64.Kg3 c5 65.Re8+ Be6 66.Kf2 Kd5 
67.Ke3 Bf5 68.f4 Kc4 69.Re5 Bg4 70.Rg5 Bd7 71.Rxg6 Kb3 72.Rb6+ Kc3 73.h5 
c4 74.h6 Bf5 75.Rf6 Bh7 76.f5 Kc2 77.Rf7 1-0

[Event "Aloas Cup Magistral 2015"]
[Site "Buenos Aires ARG"]
[Date "2015.11.03"]
[Round "4.2"]
[White "Paveto, K"]
[Black "Della Morte, G"]
[Result "1-0"]
[WhiteElo "2424"]
[BlackElo "2421"]
[EventDate "2015.11.01"]
[WhiteTitle "IM"]
[BlackTitle "IM"]
[WhiteFideId "173444"]
[BlackFideId "113522"]

1.e4 e5 2.Nf3 Nc6 3.Bc4 Nf6 4.Ng5 d5 5.exd5 Na5 6.Bb5+ c6 7.dxc6 bxc6 8.
Qf3 Be7 9.Bd3 O-O 10.Nc3 h6 11.Nge4 Nxe4 12.Bxe4 Qd7 13.g4 Qxg4 14.Qxg4 
Bxg4 15.Rg1 f5 16.d3 Rab8 17.Bh1 Kh7 18.a3 c5 19.Nd5 Bd6 20.b4 Nc6 21.c3 
e4 22.Rxg4 fxg4 23.Bxe4+ Kh8 24.Be3 c4 25.dxc4 Bxh2 26.O-O-O Rbe8 27.Bc2 
Ne5 28.c5 Nc4 29.Bd4 Be5 30.Bd3 Bxd4 31.cxd4 Nxa3 32.Kb2 Rxf2+ 33.Kxa3 g3 
34.Bb5 Ref8 35.Bc6 g2 36.Ne3 R8f3 37.Bxf3 Rxf3 38.c6 Rxe3+ 39.Kb2 Kg8 40.
c7 Re8 41.d5 Kf7 42.d6 Re2+ 43.Kb1 Rd2 44.Rc1 1-0

[Event "Aloas Cup Magistral 2015"]
[Site "Buenos Aires ARG"]
[Date "2015.11.07"]
[Round "8.4"]
[White "Rodriguez Vila, A"]
[Black "Della Morte, G"]
[Result "1-0"]
[WhiteElo "2477"]
[BlackElo "2421"]
[EventDate "2015.11.01"]
[WhiteTitle "GM"]
[BlackTitle "IM"]
[WhiteFideId "3000010"]
[BlackFideId "113522"]

1.e4 e5 2.Nf3 Nc6 3.Bc4 Nf6 4.d3 Bc5 5.O-O d6 6.a3 h6 7.Be3 Bxe3 8.fxe3 
Be6 9.Nbd2 O-O 10.Qe1 Qe7 11.Nh4 Bxc4 12.Nf5 Qe6 13.Qg3 Nh5 14.Qh4 Bxd3 
15.cxd3 Qg6 16.g4 Nf6 17.Nxh6+ Qxh6 18.Qxh6 gxh6 19.Rxf6 Kg7 20.Raf1 Rad8 
21.R1f2 Ne7 22.Nf1 Ng6 23.Ng3 Nf4 24.R2xf4 exf4 25.Nh5+ Kh7 26.exf4 d5 27.
e5 Rde8 28.Kf2 Re6 29.d4 Rxf6 30.Nxf6+ Kh8 31.Ke3 Rd8 32.f5 Kg7 33.h4 b6 
34.b4 c6 35.Kf4 c5 36.bxc5 bxc5 37.dxc5 d4 38.c6 Rc8 39.c7 1-0

[Event "Kolomenskaya Open 2015"]
[Site "Moscow RUS"]
[Date "2015.10.18"]
[Round "4.1"]
[White "Igonin, Temur"]
[Black "Nozdrachev, L"]
[Result "1-0"]
[WhiteElo "2390"]
[BlackElo "2410"]
[EventDate "2015.10.16"]
[WhiteTitle "FM"]
[BlackTitle "FM"]
[WhiteFideId "14203049"]
[BlackFideId "24113433"]

1.e4 e5 2.Nf3 Nc6 3.Bc4 Nf6 4.d3 Bc5 5.O-O O-O 6.Nbd2 a6 7.c3 Ba7 8.Bb3 d6
9.h3 Be6 10.Re1 Qd7 11.Nf1 h6 12.Be3 Rfe8 13.Bxa7 Rxa7 14.Ng3 d5 15.d4 
dxe4 16.Nxe4 Nxe4 17.Rxe4 exd4 18.cxd4 Re7 19.Rc1 Ra8 20.d5 Bf5 21.Rec4 
Na5 22.Rxc7 Qxc7 23.Rxc7 Rxc7 24.d6 Rc5 25.Bxf7+ Kxf7 26.b4 Rb5 27.a4 Rxb4
28.Qd5+ Be6 29.Qxa5 Rb1+ 30.Kh2 b5 31.Qc7+ Kg8 32.Nd4 1-0

[Event "Kolomenskaya Open 2015"]
[Site "Moscow RUS"]
[Date "2015.10.20"]
[Round "7.8"]
[White "Sysoev, V"]
[Black "Velikanov, I"]
[Result "1/2-1/2"]
[WhiteElo "2303"]
[BlackElo "2270"]
[EventDate "2015.10.16"]
[WhiteTitle "FM"]
[BlackTitle "FM"]
[WhiteFideId "4198689"]
[BlackFideId "4114256"]

1.e4 e5 2.Nf3 Nc6 3.Bc4 Bc5 4.d3 Nf6 5.Bb3 O-O 6.c3 h6 7.Nbd2 d6 8.O-O Bg4
9.Re1 Nh7 10.h3 Be6 11.Bc2 Ng5 12.Nxg5 hxg5 13.Qh5 f6 14.Nf1 Qe8 15.Qxe8 
Rfxe8 16.Be3 Bxe3 17.Nxe3 g6 18.b4 Kg7 19.Bb3 Bf7 20.Bd5 Bxd5 21.Nxd5 Rac8
22.f3 Kf7 23.a4 Ke6 24.Kf2 Ne7 25.Nxe7 Rxe7 26.d4 c6 27.dxe5 dxe5 28.Red1 
Rd7 29.Rxd7 Kxd7 30.Rd1+ Ke6 1/2-1/2

[Event "Kolomenskaya Open 2015"]
[Site "Moscow RUS"]
[Date "2015.10.21"]
[Round "8.2"]
[White "Igonin, Temur"]
[Black "Danielyan, Vahe"]
[Result "1-0"]
[WhiteElo "2390"]
[BlackElo "2151"]
[EventDate "2015.10.16"]
[WhiteTitle "FM"]
[WhiteFideId "14203049"]
[BlackFideId "13304828"]

1.e4 e5 2.Nf3 Nc6 3.Bc4 Bc5 4.O-O Nf6 5.d3 O-O 6.Nbd2 a6 7.c3 Ba7 8.Bb3 d5
9.exd5 Nxd5 10.Nc4 f6 11.Ne3 Be6 12.Nxd5 Bxd5 13.Be3 Na5 14.Bxd5+ Qxd5 15.
Bxa7 Rxa7 16.Qa4 Nc6 17.Rad1 Raa8 18.Rfe1 b5 19.Qe4 Rad8 20.b3 b4 21.cxb4 
Qxe4 22.Rxe4 f5 23.Rc4 Rf6 24.Rd2 g5 25.h3 h6 26.Rdc2 Rdd6 27.a4 Rfe6 28.
b5 axb5 29.axb5 Na7 30.Rxc7 Nxb5 31.Rb7 1-0

[Event "Kolomenskaya Open 2015"]
[Site "Moscow RUS"]
[Date "2015.10.22"]
[Round "9.6"]
[White "Golubev, R"]
[Black "Velikanov, I"]
[Result "1/2-1/2"]
[WhiteElo "2373"]
[BlackElo "2270"]
[EventDate "2015.10.16"]
[WhiteTitle "FM"]
[BlackTitle "FM"]
[WhiteFideId "14202344"]
[BlackFideId "4114256"]

1.e4 e5 2.Bc4 Nc6 3.Nf3 Bc5 4.c3 Nf6 5.d3 O-O 6.Bb3 h6 7.O-O d5 8.Nbd2 
dxe4 9.dxe4 a6 10.Qe2 Qe7 11.Bc2 b5 12.a4 b4 13.a5 Rd8 14.Nc4 Bg4 15.h3 
Bh5 16.Ne3 Qe6 17.Nf5 bxc3 18.bxc3 Na7 19.g4 Bg6 20.N3h4 Nb5 21.Bd2 Rd7 
22.Nf3 Rad8 23.Rfd1 Bxf5 24.exf5 Qe7 25.Ba4 c6 26.c4 Nd4 27.Nxd4 Bxd4 28.
Rab1 Qa3 29.Bxc6 Qxh3 30.Qf3 Qxf3 31.Bxf3 Bxf2+ 32.Kxf2 Rxd2+ 33.Rxd2 
Rxd2+ 34.Ke3 Ra2 35.Rb8+ Kh7 36.c5 Rxa5 37.c6 Rc5 38.Rc8 a5 39.Bd1 g6 40.
Ra8 Nd5+ 41.Kd2 gxf5 42.gxf5 Kg7 43.Ra7 Rxc6 44.Rxa5 Rd6 45.Bb3 Nf4+ 46.
Ke1 Kf6 47.Ra7 Kxf5 48.Rxf7+ Ke4 49.Re7 Kd4 50.Bc2 h5 51.Kf2 Rb6 52.Kg3 
Rb2 53.Bf5 Nd5 54.Rh7 Nf6 55.Rf7 Rb6 56.Ra7 e4 57.Ra4+ Ke5 58.Ra5+ Nd5 59.
Bc8 e3 60.Ba6 Ke4 61.Be2 Rg6+ 62.Kh4 Rg2 63.Bxh5 Rh2+ 64.Kg5 Rg2+ 1/2-1/2

[Event "Todor Mitrov-Tikata Mem"]
[Site "Skopje MKD"]
[Date "2015.11.08"]
[Round "8.8"]
[White "Todorovic, GM"]
[Black "Saraci, Nderim"]
[Result "0-1"]
[WhiteElo "2476"]
[BlackElo "2215"]
[EventDate "2015.11.08"]
[WhiteTitle "GM"]
[WhiteFideId "900168"]
[BlackFideId "6351921"]
[EventType "rapid"]

1.e4 e5 2.Nf3 Nc6 3.Bc4 Bc5 4.c3 Nf6 5.d3 O-O 6.Bb3 a6 7.O-O d6 8.Nbd2 Ba7
9.h3 Be6 10.Re1 Re8 11.Nf1 h6 12.Be3 Bxe3 13.Nxe3 Qd7 14.Nh2 Rad8 15.Qf3 
Ne7 16.Bc2 Ng6 17.Nhg4 Nxg4 18.hxg4 Qe7 19.g3 Qg5 20.Kg2 h5 21.Bd1 hxg4 
22.Nxg4 d5 23.Qe3 Nf4+ 24.gxf4 exf4 25.Qh3 dxe4 26.Rh1 f5 27.Qh7+ Kf7 28.
Rh5 f3+ 29.Bxf3 exf3+ 30.Kh2 Qf4+ 31.Kh1 fxg4 0-1

[Event "Hotel Sajam 5 Open 2015"]
[Site "Novi Sad SRB"]
[Date "2015.10.26"]
[Round "1.10"]
[White "Mitali, M"]
[Black "Marholev, D"]
[Result "1/2-1/2"]
[WhiteElo "1834"]
[BlackElo "2291"]
[EventDate "2015.10.26"]
[WhiteTitle "WFM"]
[BlackTitle "IM"]
[WhiteFideId "5021391"]
[BlackFideId "2901340"]

1.e4 e5 2.Nf3 Nc6 3.Bc4 Bc5 4.c3 Nf6 5.d4 exd4 6.cxd4 Bb4+ 7.Bd2 Bxd2+ 8.
Nbxd2 d5 9.exd5 Nxd5 10.Qb3 Nce7 1/2-1/2

[Event "TCh-AUT 2015-16"]
[Site "Austria AUT"]
[Date "2015.11.05"]
[Round "1.5"]
[White "Renner, Christo"]
[Black "Gstach, Jakob"]
[Result "1/2-1/2"]
[WhiteElo "2337"]
[BlackElo "2311"]
[EventDate "2015.11.05"]
[WhiteTitle "IM"]
[WhiteTeam "Spg Sauwald"]
[BlackTeam "L.A. Kraftanlage Ottakring"]
[WhiteFideId "4600886"]
[BlackFideId "1628704"]
[EventType "team"]

1.e4 e5 2.Nf3 Nc6 3.Bc4 Bc5 4.O-O Nf6 5.d3 O-O 6.c3 d6 7.Re1 a6 8.Bg5 h6 
9.Bh4 g5 10.Bg3 Ba7 11.Bb3 Re8 12.Nbd2 Ne7 13.d4 Ng6 14.dxe5 dxe5 15.Nc4 
Qxd1 16.Raxd1 Nd7 17.h4 gxh4 18.Nxh4 Nxh4 19.Bxh4 Nc5 20.Bc2 Bg4 21.Rd2 
Kg7 22.Re3 f6 23.b4 Ne6 24.Rg3 h5 25.Kf1 Ng5 26.f3 Be6 27.Bb3 Bxc4+ 28.
Bxc4 Be3 29.Rd7+ Kh6 30.Rxc7 Rec8 31.Rxc8 Rxc8 32.Bd5 b5 33.Ke2 Rxc3 34.
Bxg5+ fxg5 35.Rh3 Bd4 36.Bf7 h4 37.Bb3 Rc1 38.g3 Rc3 39.Bd1 Rc4 40.gxh4 
Rxb4 41.Bb3 a5 42.hxg5+ 1/2-1/2

[Event "TCh-AUT 2015-16"]
[Site "Austria AUT"]
[Date "2015.11.05"]
[Round "1.6"]
[White "Eisenbeiser, A"]
[Black "Schachinger, M"]
[Result "1-0"]
[WhiteElo "2373"]
[BlackElo "2451"]
[EventDate "2015.11.05"]
[WhiteTitle "IM"]
[BlackTitle "IM"]
[WhiteTeam "Schachclub Sparkasse Goetzis"]
[BlackTeam "SC MPO Maria Saal"]
[WhiteFideId "4678338"]
[BlackFideId "1616773"]
[EventType "team"]

1.e4 e5 2.Nf3 Nc6 3.Bc4 Bc5 4.d3 Nf6 5.O-O d6 6.c3 a6 7.Bb3 Ba7 8.Nbd2 O-O
9.Re1 Ng4 10.Re2 Kh8 11.h3 Nh6 12.Nf1 f5 13.Bxh6 gxh6 14.exf5 Bxf5 15.Bd5 
Qf6 16.Ng3 Bd7 17.Kh2 Rab8 18.d4 exd4 19.Bxc6 bxc6 20.Nxd4 c5 21.Nb3 Bb5 
22.Rd2 Rbe8 23.Qc2 Qf4 24.Rc1 h5 25.c4 Bc6 26.Qc3+ Kg8 27.Kg1 h4 28.Nf1 
Qg5 29.Ne3 Rf3 30.Qc2 Rexe3 31.fxe3 Qxe3+ 32.Rf2 Rg3 33.Kf1 Be4 34.Qd2 d5 
35.Qxe3 Rxe3 36.Kg1 Bd3 37.Nd2 c6 38.Rf3 Rxf3 39.gxf3 Bb8 40.Rc3 Bf5 41.
Kg2 Bf4 42.cxd5 Bxd2 43.Rxc5 Bb4 44.Rxc6 a5 45.a3 Be1 46.Rf6 Bd7 47.Rf4 
Bg3 48.Re4 Kf7 49.f4 Kf6 50.b3 Bf5 51.Rc4 Ke7 52.b4 axb4 53.Rxb4 Kd6 54.a4
Be1 55.Rb6+ Kc5 56.Rb5+ Kd6 57.a5 Be4+ 58.Kg1 Bxd5 59.a6 Bc3 60.Rb6+ Bc6 
61.Rb8 Kc7 62.Rb3 Bd4+ 63.Kf1 Bd5 64.Rb4 Bc5 65.Ra4 Ba7 66.f5 Bc6 67.Rxh4 
Bb5+ 68.Kg2 Bxa6 69.Rxh7+ Kb6 70.Kf3 Bb8 71.h4 Kc5 72.h5 Bd3 73.Kg4 Kd6 
74.Kg5 Ke5 75.Re7+ Kd6 76.Re6+ Kd7 77.h6 Ba7 78.Re1 Bc2 79.Re2 Bd3 80.Re1 
Bc2 81.Kg6 Bb3 82.h7 Bd4 83.Rb1 Bc2 84.Rb8 Ke7 85.h8=Q Bxh8 86.Rxh8 Bd3 
87.Rh7+ Kf8 88.Kf6 Kg8 89.Rg7+ Kh8 90.Rd7 Bb5 91.Rd8+ Kh7 92.Ke7 Bc4 93.f6
Kg6 94.Rd4 Bb3 95.Rg4+ 1-0

[Event "TCh-AUT 2015-16"]
[Site "Austria AUT"]
[Date "2015.11.06"]
[Round "2.2"]
[White "Predojevic, B"]
[Black "Banusz, T"]
[Result "1/2-1/2"]
[WhiteElo "2639"]
[BlackElo "2611"]
[EventDate "2015.11.05"]
[WhiteTitle "GM"]
[BlackTitle "GM"]
[WhiteTeam "SC MPO Maria Saal"]
[BlackTeam "L.A. Kraftanlage Ottakring"]
[WhiteFideId "930849"]
[BlackFideId "722413"]
[EventType "team"]

1.e4 e5 2.Nf3 Nc6 3.Bc4 Bc5 4.c3 Nf6 5.d3 O-O 6.O-O d5 7.exd5 Nxd5 8.a4 a5
9.Nbd2 Nb6 10.Bb5 Bd6 11.Ne4 Na7 12.d4 Nxb5 13.axb5 exd4 14.Nxd6 Qxd6 15.
Qxd4 Bd7 16.Bf4 Qxd4 17.Nxd4 Rfc8 18.Rfc1 c5 19.bxc6 Bxc6 20.b3 Bd7 21.Bd2
a4 22.bxa4 Nxa4 23.Rcb1 Nc5 24.Rxa8 Rxa8 25.Be3 Ne6 26.h3 Nxd4 27.Bxd4 Bc6
28.Re1 Re8 29.Rxe8+ Bxe8 30.g4 f6 31.f4 1/2-1/2

[Event "TCh-AUT 2015-16"]
[Site "Austria AUT"]
[Date "2015.11.08"]
[Round "4.2"]
[White "Volokitin, And"]
[Black "Georgiadis, N"]
[Result "1/2-1/2"]
[WhiteElo "2640"]
[BlackElo "2473"]
[EventDate "2015.11.05"]
[WhiteTitle "GM"]
[BlackTitle "IM"]
[WhiteTeam "Schachklub Sparkasse Jenbach"]
[BlackTeam "Schachclub Sparkasse Goetzis"]
[WhiteFideId "14107090"]
[BlackFideId "1300113"]
[EventType "team"]

1.e4 e5 2.Nf3 Nc6 3.Bc4 Bc5 4.c3 Nf6 5.d3 O-O 6.Nbd2 a6 7.O-O d5 8.exd5 
Nxd5 9.Ne4 Ba7 10.a4 Kh8 11.a5 f6 12.Qb3 Nde7 13.h3 Nf5 14.Qa2 Nd6 15.Nxd6
cxd6 16.Be3 Ne7 17.Bxa7 Rxa7 18.d4 d5 19.Bb3 e4 20.Ne1 Be6 21.Nc2 Ra8 22.
f3 exf3 23.Rxf3 Bf5 24.Ne3 Be4 25.Rf2 f5 26.Raf1 Qd6 27.Bc2 Bxc2 28.Nxc2 
Rad8 29.Qa3 Qxa3 30.Nxa3 g6 31.Nc2 Nc6 32.b4 Rfe8 33.Ne1 Na7 34.Nd3 Nb5 
35.Rc2 Nd6 36.Re1 Rxe1+ 37.Nxe1 Re8 38.Nd3 g5 39.Nc5 f4 40.Kf2 Kg7 41.Re2 
Rxe2+ 42.Kxe2 Kf6 43.Nd7+ Kf5 44.Nb6 Ke4 45.Nd7 Kf5 46.Nb6 1/2-1/2

[Event "TCh-CZE Extraliga 2015-16"]
[Site "Czech Republic CZE"]
[Date "2015.11.07"]
[Round "1.5"]
[White "Velicka, P"]
[Black "Cvek, R"]
[Result "1/2-1/2"]
[WhiteElo "2412"]
[BlackElo "2535"]
[EventDate "2015.11.07"]
[WhiteTitle "GM"]
[BlackTitle "GM"]
[WhiteTeam "Labortech Ostrava"]
[BlackTeam "1. Novoborsky SK"]
[WhiteFideId "300659"]
[BlackFideId "307424"]

1.e4 e5 2.Nf3 Nc6 3.Bc4 Bc5 4.c3 Nf6 5.d3 d6 6.Nbd2 O-O 7.O-O a5 8.a4 Ba7 
9.Re1 Ng4 10.Re2 Kh8 11.h3 Nh6 12.Nf1 f5 13.Bg5 Qd7 14.Ne3 fxe4 15.dxe4 
Nf7 16.Bh4 Nfd8 17.Re1 Bxe3 18.fxe3 Qe8 19.Rf1 Ne6 20.Ng5 Rxf1+ 21.Qxf1 
Nxg5 22.Bxg5 Be6 23.Bxe6 Qxe6 24.Qb5 Rb8 25.Rf1 h6 26.Bh4 Qe8 27.Qc4 Qg8 
28.Qb5 Qe8 29.Rf3 Qh5 30.Bf2 Qe8 31.Qd5 Rc8 32.Bh4 Qh5 33.Be1 Qe8 34.Bh4 
Qh5 35.Be1 Qe8 36.c4 b6 37.b3 Nd8 38.b4 axb4 1/2-1/2

[Event "20th European Teams Women"]
[Site "Reykjavik ISL"]
[Date "2015.11.14"]
[Round "2.2"]
[White "Brunello, M"]
[Black "Kazimova, N"]
[Result "1-0"]
[WhiteElo "2292"]
[BlackElo "2323"]
[EventDate "2015.11.13"]
[WhiteTitle "FM"]
[BlackTitle "WGM"]
[WhiteTeam "Italy"]
[BlackTeam "Azerbaijan"]
[WhiteFideId "822590"]
[BlackFideId "13402951"]

1.e4 e5 2.Nf3 Nc6 3.Bc4 Bc5 4.O-O Nf6 5.d4 Bxd4 6.Nxd4 Nxd4 7.f4 d6 8.fxe5
dxe5 9.Bg5 Be6 10.Na3 Qe7 11.c3 Bxc4 12.Bxf6 gxf6 13.Nxc4 Ne6 14.Ne3 Qc5 
15.Qd2 Rd8 16.Qf2 Nf4 17.Kh1 Rd6 18.Nf5 Qxf2 19.Nxd6+ cxd6 20.Rxf2 Ke7 21.
Raf1 Rf8 22.g3 Nd3 23.Re2 Nc5 24.Rf5 Rg8 25.Kg2 Ne6 26.Kf2 Ng7 27.Rf3 Ke6 
28.Ke3 Ne8 29.Ref2 Rg6 30.c4 Kd7 31.b4 Kc6 32.Rf1 Rh6 33.R3f2 b6 34.Rc1 
Nc7 35.b5+ Kb7 36.Rcf1 Ne8 37.Kf3 Kc7 38.Kg2 Rg6 39.h3 Kd7 40.Rf3 Kc7 41.
Kh2 Kb7 42.Rf5 Rg7 43.R1f3 Rg6 44.Rh5 h6 45.Rhf5 a5 46.bxa6+ Kxa6 47.Rb3 
Kb7 48.Rf2 Nc7 49.Rfb2 Na8 50.Rd2 Kc6 51.Rbd3 f5 52.exf5 Rf6 53.g4 Nc7 54.
Kg3 b5 55.cxb5+ Nxb5 56.Rc2+ Kd7 57.Rb3 Nd4 58.Rb7+ Kd8 59.Rcc7 1-0

[Event "20th European Teams Women"]
[Site "Reykjavik ISL"]
[Date "2015.11.14"]
[Round "2.6"]
[White "Sandu, Mi"]
[Black "Collas, S"]
[Result "1-0"]
[WhiteElo "2207"]
[BlackElo "2319"]
[EventDate "2015.11.13"]
[WhiteTitle "WGM"]
[BlackTitle "IM"]
[WhiteTeam "Romania"]
[BlackTeam "France"]
[WhiteFideId "1204327"]
[BlackFideId "2902265"]

1.e4 e5 2.Nf3 Nc6 3.Bc4 Bc5 4.d3 Nf6 5.Bb3 d6 6.c3 a6 7.O-O Ba7 8.Nbd2 Qe7
9.Nc4 O-O 10.Ne3 Kh8 11.h3 Nd8 12.Nh2 c6 13.Qf3 g6 14.Neg4 Nxg4 15.hxg4 f6
16.Bh6 Re8 17.g5 f5 18.exf5 gxf5 19.g6 d5 20.gxh7 Nf7 21.Bd2 Qh4 22.c4 d4 
23.c5 Ng5 24.Bxg5 Qxg5 25.Rac1 Be6 26.Qh3 Bxb3 27.axb3 e4 28.f3 e3 29.f4 
Qf6 30.Nf3 e2 31.Rfe1 Re3 32.Qh5 Kg7 33.Rc2 Rh8 34.Rcxe2 Bxc5 35.Ng5 Bb4 
36.Rxe3 dxe3 37.Re2 Qg6 38.Qh3 Bc5 39.b4 Bb6 40.g4 Kf6 41.gxf5 Qxf5 42.
Ne4+ Ke6 43.Qh6+ Kd7 44.Qg7+ Ke6 45.Ng5+ Kd5 46.Qg8+ 1-0

[Event "20th European Teams Women"]
[Site "Reykjavik ISL"]
[Date "2015.11.15"]
[Round "3.4"]
[White "Skripchenko, A"]
[Black "Haast, A"]
[Result "1-0"]
[WhiteElo "2443"]
[BlackElo "2365"]
[EventDate "2015.11.13"]
[WhiteTitle "IM"]
[BlackTitle "WGM"]
[WhiteTeam "France"]
[BlackTeam "Netherlands"]
[WhiteFideId "13900145"]
[BlackFideId "1017292"]

1.e4 e5 2.Nf3 Nc6 3.Bc4 Bc5 4.c3 Nf6 5.d3 d6 6.h3 a6 7.Bb3 Ba7 8.Nbd2 Ne7 
9.Nf1 Ng6 10.Ng3 O-O 11.O-O Be6 12.d4 exd4 13.Nxd4 Bxb3 14.Qxb3 Qc8 15.Bg5
Nd7 16.Qd1 Re8 17.Qh5 Nc5 18.Rae1 Nd3 19.Rb1 Re5 20.Qf3 Rxg5 21.Qxd3 Re5 
22.f4 Re8 23.Kh1 Qd8 24.Rbe1 Nf8 25.Ndf5 Ne6 26.Nh5 Kf8 27.Qg3 g6 28.Nh6 
Ng7 29.Nxg7 Kxg7 30.Ng4 h5 31.Nh2 Qd7 32.f5 Re5 33.Nf3 Rae8 34.Nxe5 Rxe5 
35.Qf3 Qe8 36.Qg3 c6 37.Qh4 Bb6 38.fxg6 fxg6 39.Qf6+ Kg8 40.Qxd6 Bc5 41.
Rf8+ Qxf8 42.Qxe5 Qf2 43.Rd1 Kh7 44.b4 Be3 45.Qd6 Kh6 46.Qd3 Qg3 47.e5 1-0